Handbook of research for educational communications and technology: a project of the association for educational communications and technology
Saved in:
| Hovedforfatter: | |
|---|---|
| Format: | Bog |
| Sprog: | engelsk |
| Udgivet: |
Nueva York
Macmillan Library Reference
1996
|
| Fag: | |
| Tags: |
Tilføj Tag
Ingen Tags, Vær først til at tagge denne postø!
|
MARC
| LEADER | 00000nam a2200000 a 4500 | ||
|---|---|---|---|
| 001 | UCK5859 | ||
| 003 | CL-VaPUC | ||
| 008 | 050826e19960000US |||||||||||||||||eng|d | ||
| 020 | |a 0028646630 | ||
| 082 | 0 | 4 | |a 370.7 |b JON |2 21 |
| 100 | |a Jonassen, David H |e author |9 494871 | ||
| 245 | 1 | 0 | |a Handbook of research for educational communications and technology: a project of the association for educational communications and technology |
| 300 | |a 1267 p | ||
| 942 | |c BK | ||
| 945 | |d 20050826 00:00:00 |a jcarroza | ||
| 260 | |a Nueva York |b Macmillan Library Reference |c 1996 | ||
| 650 | 0 | |a Investigación educacional |9 261192 | |
| 650 | 0 | |a Manuales |9 257144 | |
| 650 | 0 | |a Métodos de investigación |9 262618 | |
| 650 | 0 | |a Psicología educacional |9 307830 | |
| 650 | 0 | |a Métodos de enseñanza |9 270413 | |
| 650 | 0 | |a Innovaciones pedagógicas |9 307471 | |
| 650 | 7 | |a MATERIAL AUDIOVISUAL |2 CL-VaPUC |9 308466 | |
| 583 | |a last modification |c 20050826 00:00:00 |k Rodrigo Vera | ||
| 999 | |c 314311 |d 314309 | ||
| 952 | |0 0 |1 0 |4 0 |6 370_700000000000000_JON_1996 |7 0 |8 A |9 386393 |a FDOPOS |b FDOPOS |d 2019-11-22 |i 4153227 |o 370.7 JON 1996 |p 4153227 |r 2025-01-22 |w 2019-11-22 |y BK |k MLA | ||